[Event "Collado Villalba op 39th"]
[Site "Collado Villalba"]
[Date "2022.08.28"]
[Round "9"]
[White "Malaga Saralegui, Rodrigo"]
[Black "Melcon Diez, Enrique"]
[Result "1-0"]
[WhiteElo "1176"]
[BlackElo "1565"]
[PlyCount "49"]
[EventDate "2022.08.20"]
[EventType "swiss"]
[EventRounds "9"]
[EventCountry "ESP"]
[SourceTitle "EXT 2023"]
[Source "ChessBase"]
[SourceDate "2022.10.05"]
[SourceVersion "1"]
[SourceVersionDate "2022.10.05"]
[SourceQuality "1"]

1. e4 c5 2. Nf3 g6 3. Bc4 Bg7 4. c3 Nc6 5. d3 d6 6. h3 Nf6 7. Bf4 0-0 8. Qd2 Na5 9. Na3 Nxc4 10. Nxc4 b5 11. Ne3 Bb7 12. Ng4 c4 13. Nxf6+ Bxf6 14. Bh6 Bg7 15. Bxg7 Kxg7 16. h4 d5 17. e5 Qd7 18. h5 Qf5 19. hxg6 Qxg6 20. Rh3 Kh8 21. Rg3 Qxd3 22. Ng5 Qxd2+ 23. Kxd2 Ba6 24. Rh1 Rg8 25. Nxf7# 1-0

[Event "Collado Villalba op 38th"]
[Site "Collado Villalba"]
[Date "2021.08.22"]
[Round "2"]
[White "Melcon Diez, Enrique"]
[Black "Ciuro Munoz, Ricardo"]
[Result "0-1"]
[WhiteElo "1620"]
[BlackElo "1960"]
[PlyCount "66"]
[EventDate "2021.08.21"]
[EventType "swiss"]
[EventRounds "9"]
[EventCountry "ESP"]
[SourceTitle "CBM 204 Extra"]
[Source "ChessBase"]
[SourceDate "2021.11.30"]
[SourceVersion "1"]
[SourceVersionDate "2021.11.30"]
[SourceQuality "1"]

1. c4 c5 2. Nc3 Nf6 3. Nf3 d5 4. cxd5 Nxd5 5. e4 Nc7 6. Be2 Nc6 7. 0-0 e5 8. a3 Be7 9. d3 0-0 10. Be3 Be6 11. Rc1 f6 12. Nh4 Qd7 13. f4 exf4 14. Bxf4 Nd4 15. Nf3 Bb3 16. Qe1 Nce6 17. Be3 Nxf3+ 18. Rxf3 Nd4 19. Rf1 Nc2 20. Qd2 Nxe3 21. Qxe3 b6 22. Bd1 Bf7 23. Ba4 Qc7 24. Nd5 Qe5 25. Nxe7+ Qxe7 26. d4 cxd4 27. Qxd4 Rad8 28. Qe3 Bg6 29. Rfe1 Qe5 30. b4 Rd4 31. Bb3+ Kh8 32. Bd5 Rd8 33. Rc6 Re8 0-1

[Event "Colmenarejo Autumn op 29th"]
[Site "Colmenarejo"]
[Date "2019.09.15"]
[Round "1"]
[White "Melcon Diez, Enrique"]
[Black "Buergo Villanueva, Fernando"]
[Result "1-0"]
[WhiteElo "1632"]
[BlackElo "1282"]
[PlyCount "101"]
[EventDate "2019.09.15"]
[EventType "swiss"]
[EventRounds "7"]
[EventCountry "ESP"]
[SourceTitle "EXT 2021"]
[Source "ChessBase"]
[SourceDate "2020.10.23"]
[SourceVersion "1"]
[SourceVersionDate "2020.10.23"]
[SourceQuality "1"]

1. c4 c5 2. Nc3 Nc6 3. Nf3 e5 4. e3 Nf6 5. d4 cxd4 6. exd4 e4 7. d5 exf3 8. dxc6 fxg2 9. cxd7+ Bxd7 10. Bxg2 Qe7+ 11. Qe2 Bc6 12. Bxc6+ bxc6 13. Be3 Rd8 14. Bxa7 Qxe2+ 15. Kxe2 Rd7 16. Be3 Bb4 17. Rac1 Re7 18. Kd3 0-0 19. a3 Rd8+ 20. Kc2 Bxc3 21. Kxc3 h6 22. Rhg1 g5 23. h4 Ne4+ 24. Kc2 f6 25. hxg5 hxg5 26. b4 Nd6 27. Rcd1 Rdd7 28. Bc5 Re2+ 29. Kb3 Re6 30. f4 Kf7 31. f5 Re5 32. Rxd6 Rxd6 33. Bxd6 Rxf5 34. a4 Rf3+ 35. Kb2 Ke6 36. Bc5 Kf5 37. a5 Rd3 38. a6 Rd8 39. a7 g4 40. b5 Kg5 41. b6 Ra8 42. b7 Rxa7 43. Bxa7 f5 44. Be3+ f4 45. Bxf4+ Kxf4 46. b8Q+ Kf5 47. Rf1+ Ke4 48. Qf4+ Kd3 49. Rd1+ Ke2 50. Rd2+ Ke1 51. Qf2# 1-0

[Event "Collado Villalba op-B 36th"]
[Site "Collado Villalba"]
[Date "2019.08.28"]
[Round "6"]
[White "Melcon Diez, Enrique"]
[Black "Palomino Menendez, Salvador"]
[Result "0-1"]
[WhiteElo "1632"]
[BlackElo "1882"]
[PlyCount "178"]
[EventDate "2019.08.23"]
[EventType "swiss"]
[EventRounds "9"]
[EventCountry "ESP"]
[SourceTitle "CBM 192 Extra"]
[Source "Chessbase"]
[SourceDate "2019.11.06"]
[SourceVersion "1"]
[SourceVersionDate "2019.11.06"]
[SourceQuality "1"]

1. c4 Nf6 2. Nc3 e5 3. Nf3 Nc6 4. e3 Bb4 5. Qc2 0-0 6. Nd5 Re8 7. Qf5 Bf8 8. Nxf6+ Qxf6 9. Qxf6 gxf6 10. a3 d6 11. Be2 Be6 12. 0-0 Na5 13. d3 Nb3 14. Rb1 Bh6 15. Bd2 Kh8 16. Bc3 Rg8 17. Ne1 c6 18. d4 exd4 19. Bxd4 Nd2 20. Bxf6+ Bg7 21. Bxg7+ Kxg7 22. Rd1 Nxf1 23. Kxf1 d5 24. c5 b6 25. Nd3 bxc5 26. Nxc5 Rab8 27. Rd2 Kf6 28. Bf3 Rb5 29. b4 Bg4 30. Bxg4 Rxg4 31. h3 Rc4 32. Ke2 a5 33. Nd3 axb4 34. axb4 Rb8 35. Ra2 d4 36. exd4 Re8+ 37. Kd2 Rxd4 38. Rc2 Re6 39. Kc3 Ree4 40. Rb2 Rd8 41. b5 cxb5 42. Rxb5 Re2 43. Rh5 Ra2 44. Nc5 Kg6 45. Rh4 Rxf2 46. Rg4+ Kh6 47. Ne4 Rf1 48. Rh4+ Kg7 49. Rg4+ Kh8 50. Ng5 h6 51. Nf3 Rc1+ 52. Kb2 Rc6 53. Rb4 Rcc8 54. Kb3 Rb8 55. Rxb8 Rxb8+ 56. Kc3 Rg8 57. Nh4 Ra8 58. Kd3 Ra4 59. Nf3 Ra2 60. Nh4 Kh7 61. Ke3 Kg7 62. Kf4 Kf6 63. Kf3 Ra3+ 64. Kf4 Rb3 65. Nf3 Rb4+ 66. Kg3 Ra4 67. h4 Kf5 68. Kh3 Kf4 69. Ng1 Ra3+ 70. Kh2 Kg4 71. Ne2 Kxh4 72. Nd4 Kg4 73. Nc6 Re3 74. Nd8 f5 75. Nf7 h5 76. Nh6+ Kg5 77. Nf7+ Kg6 78. Nd6 h4 79. Nc4 Rd3 80. Kg1 Rc3 81. Nd2 Kg5 82. Kf2 Rc2 83. Ke1 Kg4 84. Nf1 f4 85. Nh2+ Kg3 86. Nf3 Ra2 87. Kf1 Rf2+ 88. Kg1 Rxg2+ 89. Kh1 Ra2 0-1

[Event "Colmenarejo Autumn op 25th"]
[Site "Colmenarejo"]
[Date "2018.10.14"]
[Round "5"]
[White "Melcon Diez, Enrique"]
[Black "Garcia Fernandez, Jose Luis"]
[Result "1/2-1/2"]
[WhiteElo "1660"]
[BlackElo "1779"]
[PlyCount "146"]
[EventDate "2018.09.16"]
[EventType "swiss"]
[EventRounds "7"]
[EventCountry "ESP"]
[SourceTitle "CBM 187 Extra"]
[Source "ChessBase"]
[SourceDate "2018.11.04"]
[SourceVersion "1"]
[SourceVersionDate "2018.11.04"]
[SourceQuality "1"]

1. c4 c6 2. e4 d5 3. exd5 cxd5 4. d4 Nf6 5. Nc3 Nc6 6. Nf3 Bf5 7. Qb3 Na5 8. Qb5+ Bd7 9. cxd5 Bxb5 10. Bxb5+ Nd7 11. Ne5 a6 12. Bxd7+ Qxd7 13. Nxd7 Kxd7 14. 0-0 g6 15. Be3 b5 16. Rac1 Bg7 17. b3 Rhc8 18. f3 Nb7 19. Kf2 Nd6 20. g4 Ra7 21. Ne4 Nxe4+ 22. fxe4 Rcc7 23. Rc5 Bf8 24. Ke2 Ke8 25. Kd3 e6 26. Rxc7 Rxc7 27. Bf4 Rc8 28. d6 b4 29. e5 Rc3+ 30. Kd2 h5 31. gxh5 gxh5 32. Rc1 Rf3 33. Bg3 Bh6+ 34. Ke2 Re3+ 35. Kf2 Rc3 36. Re1 Kd7 37. Re2 Ke8 38. Kg2 Kd7 39. Be1 Rd3 40. Bxb4 Rxd4 41. Ba5 Rd5 42. Bc3 Rd3 43. Rc2 Bf4 44. Rf2 Rxc3 45. Rxf4 Re3 46. Rxf7+ Kd8 47. Ra7 Rxe5 48. Rxa6 Re3 49. Kf2 Rc3 50. Ra7 e5 51. Ra5 e4 52. Rxh5 Rc2+ 53. Ke3 Rxa2 54. Kxe4 Rb2 55. Kd5 Rxb3 56. Ke6 Re3+ 57. Re5 Rh3 58. Rg5 Re3+ 59. Re5 Rh3 60. Re2 Rh6+ 61. Kd5 Kd7 62. Re7+ Kd8 63. Re2 Kd7 64. Ra2 Rh3 65. Ke4 Kxd6 66. Kf4 Ke6 67. Kg4 Rb3 68. Rf2 Rb8 69. h4 Rg8+ 70. Kh3 Rh8 71. Rf3 Ke5 72. Rf7 Ke4 73. Rf1 Ke5 1/2-1/2

[Event "Collado Villalba op-B 35th"]
[Site "Collado Villalba"]
[Date "2018.08.31"]
[Round "8"]
[White "Bahillo Vallejo, Ignacio"]
[Black "Melcon Diez, Enrique"]
[Result "1/2-1/2"]
[WhiteElo "1415"]
[BlackElo "1660"]
[PlyCount "104"]
[EventDate "2018.08.24"]
[EventType "swiss"]
[EventRounds "9"]
[EventCountry "ESP"]
[SourceTitle "CBM 186 Extra"]
[Source "ChessBase"]
[SourceDate "2018.08.24"]
[SourceVersion "1"]
[SourceVersionDate "2018.08.24"]
[SourceQuality "1"]

1. c4 b6 2. Nc3 e6 3. b3 Bb7 4. e3 Nf6 5. Nf3 Be7 6. Be2 0-0 7. Bb2 c5 8. 0-0 d5 9. d4 Nc6 10. dxc5 bxc5 11. cxd5 exd5 12. Rc1 Rc8 13. Na4 Nb4 14. a3 Na6 15. Bxf6 Bxf6 16. Qd2 Qd7 17. Rfd1 c4 18. Bxc4 Rfd8 19. Be2 Qe7 20. b4 Nc7 21. Nd4 Ne6 22. Nxe6 fxe6 23. Nc5 Ba8 24. Bg4 Rc6 25. Rc2 e5 26. Qe2 d4 27. exd4 Rxd4 28. Rxd4 exd4 29. Qxe7 Bxe7 30. Bf3 Rc8 31. Bxa8 Rxa8 32. Rd2 a5 33. g3 axb4 34. axb4 Bxc5 35. bxc5 Rc8 36. Rxd4 Rxc5 37. h4 Rc1+ 38. Kg2 Rc2 39. Kf3 Rc7 40. g4 Rf7+ 41. Rf4 Rc7 42. Re4 Rf7+ 43. Kg3 h6 44. g5 g6 45. Re6 Kg7 46. f3 h5 47. Rd6 Kh7 48. Rd4 Kg7 49. Kf2 Ra7 50. Ke3 Re7+ 51. Re4 Ra7 52. Kd4 Rd7+ 1/2-1/2

[Event "Collado Villalba op-B 34th"]
[Site "Collado Villalba"]
[Date "2017.08.26"]
[Round "5"]
[White "Melcon Diez, Enrique"]
[Black "Fernandez Rios, Jose Francisco"]
[Result "0-1"]
[WhiteElo "1634"]
[BlackElo "1771"]
[PlyCount "42"]
[EventDate "2017.08.22"]
[EventType "swiss"]
[EventRounds "9"]
[EventCountry "ESP"]
[SourceTitle "CBM 180 Extra"]
[Source "ChessBase"]
[SourceDate "2017.10.06"]
[SourceVersion "1"]
[SourceVersionDate "2017.10.06"]
[SourceQuality "1"]

1. c4 c5 2. Nc3 g6 3. Nf3 Bg7 4. e3 Nf6 5. d4 cxd4 6. exd4 d5 7. cxd5 Nxd5 8. Qb3 Nxc3 9. bxc3 0-0 10. Bc4 Nc6 11. Bd3 Qc7 12. Rb1 b6 13. 0-0 Bb7 14. Qc2 Rac8 15. Qe2 Rfd8 16. Bb2 e5 17. Be4 exd4 18. Bxc6 d3 19. Qd2 Qxc6 20. Rfe1 Bxc3 21. Bxc3 Qxc3 0-1

[Event "Collado Villalba 64 op 4th"]
[Site "Collado Villalba"]
[Date "2016.07.20"]
[Round "4.7"]
[White "Melcon Diez, Enrique"]
[Black "Lopez de Turiso, Jose Angel"]
[Result "0-1"]
[WhiteElo "1680"]
[BlackElo "2074"]
[PlyCount "82"]
[EventDate "2016.07.17"]
[EventType "swiss"]
[EventRounds "9"]
[EventCountry "ESP"]
[SourceTitle "EXT 2017"]
[Source "ChessBase"]
[SourceDate "2016.10.25"]
[SourceVersion "1"]
[SourceVersionDate "2016.10.25"]
[SourceQuality "1"]

1. c4 c5 2. Nc3 Nc6 3. Nf3 Nf6 4. d4 cxd4 5. Nxd4 g6 6. e4 Bg7 7. Be3 d6 8. Be2 Bd7 9. 0-0 0-0 10. f3 a6 11. Qd2 Rb8 12. Rad1 b6 13. a3 Nxd4 14. Bxd4 Bc6 15. Nd5 Bxd5 16. exd5 b5 17. cxb5 axb5 18. Rc1 Qd7 19. Rc6 Nxd5 20. Bxg7 Qxc6 21. Bxf8 Rxf8 22. Rc1 Qb6+ 23. Kh1 e6 24. Qc2 Rb8 25. b3 Qd4 26. Rd1 Qf2 27. Rf1 Qxg2+ 28. Kxg2 Ne3+ 29. Kf2 Nxc2 30. a4 bxa4 31. bxa4 Rb2 32. a5 Nd4 33. Ra1 Rxe2+ 34. Kg3 Rb2 35. a6 Rb8 36. Ra4 Nf5+ 37. Kf2 Ra8 38. Ke2 Ne7 39. Ke3 Ra7 40. Ke4 Nc6 41. Ra5 Nxa5 0-1

[Event "Colmenarejo Autumn op"]
[Site "Colmenarejo"]
[Date "2015.10.29"]
[Round "7"]
[White "Garcia Fernandez, Jose Luis"]
[Black "Melcon Diez, Enrique"]
[Result "0-1"]
[WhiteElo "1789"]
[BlackElo "1635"]
[PlyCount "56"]
[EventDate "2015.09.20"]
[EventType "swiss"]
[EventRounds "7"]
[EventCountry "ESP"]
[SourceTitle "EXT 2019"]
[Source "ChessBase"]
[SourceDate "2018.10.10"]
[SourceVersion "1"]
[SourceVersionDate "2018.10.10"]
[SourceQuality "1"]

1. e3 Nf6 2. f4 g6 3. Nf3 Bg7 4. d3 0-0 5. e4 d6 6. Nc3 c5 7. Be2 Nc6 8. 0-0 Bd7 9. Qe1 Nd4 10. Nxd4 cxd4 11. Nd5 Nxd5 12. exd5 Rc8 13. Bd1 Rc5 14. g4 Rxd5 15. a4 Rc5 16. Qg3 Qa5 17. Rf2 Qe1+ 18. Rf1 Qxg3+ 19. hxg3 Rfc8 20. Re1 Kf8 21. b3 Be6 22. Ba3 R5c7 23. Kf2 Bd5 24. Rb1 Rc6 25. Rb2 f6 26. b4 Rc3 27. Rb3 Bxb3 28. cxb3 Rxd3 0-1